Statistics for Things that are red

Click here to take the quiz!

General Stats

  • This quiz has been taken 43 times
  • The average score is 6 of 15

Answer Stats

HintAnswer% Correct
In our bodyBlood
95%
A type of flowerRose
84%
BurningFire
81%
On the England flagCross
54%
A thing to clear fireFire extinguisher
51%
A red octagonStop sign
51%
A veichleFire truck
46%
A animalFox
35%
That’s over 3000°Lava
19%
A starRed giant
19%
On the Alabama flagX
8%
A a triangle signYield sign
5%
A elementNeon
3%
Something evilPentagram
3%
Comes from the sunPlasma
3%

Score Distribution

Percentile by Number Answered

Percent of People with Each Score

Your Score History

You have not taken this quiz